000 00582 a2200193 4500
001 63178
005 20260407155927.0
008 260407a1977 arg spa d
003 AR-UNSa-BCEJYS
040 _aAR-UNSa-BCEJYS
_bspa
_cAR-UNSa-BCEJYS
080 _a(038)339.5
_xDiccionario de Comercio Internacional
245 1 0 _aGlosario de la balanza de pagos y de finanzas internacionales
264 1 _aBuenos Aires :
_bEl Coloquio
_c1977
300 _a201 p.
_c21 cm.
041 _aspa
942 _cBK
590 _aniveau_biblio:m niveau_hierar:0
100 1 _aZalduendo, Eduardo A.
999 _c8019
_d8019